<?xml version="1.0" encoding="UTF-8"?>
<record
    xmlns:xsi="http://www.w3.org/2001/XMLSchema-instance"
    xsi:schemaLocation="http://www.loc.gov/MARC21/slim http://www.loc.gov/standards/marcxml/schema/MARC21slim.xsd"
    xmlns="http://www.loc.gov/MARC21/slim">

  <leader>05024nab a22008777  4500</leader>
  <controlfield tag="003">AR-RoUNA</controlfield>
  <datafield tag="022" ind1=" " ind2=" ">
    <subfield code="a">0327-9022</subfield>
  </datafield>
  <datafield tag="040" ind1=" " ind2=" ">
    <subfield code="a">AR-RoUNA</subfield>
    <subfield code="b">spa</subfield>
  </datafield>
  <datafield tag="041" ind1=" " ind2=" ">
    <subfield code="a">spa</subfield>
  </datafield>
  <datafield tag="044" ind1=" " ind2=" ">
    <subfield code="a">ag</subfield>
  </datafield>
  <datafield tag="245" ind1=" " ind2=" ">
    <subfield code="a">Summa+</subfield>
  </datafield>
  <datafield tag="260" ind1=" " ind2=" ">
    <subfield code="a">Buenos Aires (Argentina):</subfield>
    <subfield code="c">Donn SA,</subfield>
    <subfield code="b">1993.</subfield>
  </datafield>
  <datafield tag="300" ind1=" " ind2=" ">
    <subfield code="a">244 p. :</subfield>
    <subfield code="b">il. byn.</subfield>
    <subfield code="b">planos</subfield>
    <subfield code="c">34X25 cm.</subfield>
  </datafield>
  <datafield tag="505" ind1="0" ind2=" ">
    <subfield code="t">INDICE</subfield>
  </datafield>
  <datafield tag="505" ind1="0" ind2=" ">
    <subfield code="t">SOLANO - BENITEZ</subfield>
  </datafield>
  <datafield tag="505" ind1="0" ind2=" ">
    <subfield code="a">Reportaje al arq. Solano Benitez por Florencia Rodr&#xED;guez / El fin de la arquitectura: aportes de este lado del mundo. p. 58</subfield>
  </datafield>
  <datafield tag="505" ind1="0" ind2=" ">
    <subfield code="a">Solano Ben&#xED;tez / 4 Vigas, Los Pilichos, Piribebuy, Paraguay, 1999. p. 64</subfield>
  </datafield>
  <datafield tag="505" ind1="0" ind2=" ">
    <subfield code="a">Solano Ben&#xED;tez y Gabinete de arquitectura / Esmeraldina, Asunci&#xF3;n, Paraguay, 2001. p. 66</subfield>
  </datafield>
  <datafield tag="505" ind1="0" ind2=" ">
    <subfield code="a">Gabinete de arquitectura Solano Ben&#xED;tez, Alberto Marinoni / Oficinas Centrales de Unilever, Paraguay, 2001. p. 68</subfield>
  </datafield>
  <datafield tag="505" ind1="0" ind2=" ">
    <subfield code="t">VIVIENDAS AGRUPADAS - CASAS CON PILETA - SINGAPUR</subfield>
  </datafield>
  <datafield tag="505" ind1="0" ind2=" ">
    <subfield code="a">Bedmar &amp; Shi Ernesto Bedmar, Tan Ho Kiat, Foo Su Mei / Trevose 12, Singapur, 2003. p. 72</subfield>
  </datafield>
  <datafield tag="505" ind1="0" ind2=" ">
    <subfield code="t">TERRAZAS CON DEPARTAMENTOS - BUENOS AIRES</subfield>
  </datafield>
  <datafield tag="505" ind1="0" ind2=" ">
    <subfield code="a">Jorge Hampton, Emilio Rivoira arqs. / Viviendas San Mart&#xED;n de Tours, Barrio Parque, Buenos Aires, 2005. p. 76</subfield>
  </datafield>
  <datafield tag="505" ind1="0" ind2=" ">
    <subfield code="t">VIVIENDA SOCIAL A LA EUROPEA - AUSTRIA</subfield>
  </datafield>
  <datafield tag="505" ind1="0" ind2=" ">
    <subfield code="a">Busarchitektur &amp; Partners Viena - Sevilla - Buenos Aires / Edificio Wiener Strasse Hoffman Geht Spazieren ( Hoffmann se va de paseo), Austria. p. 84</subfield>
  </datafield>
  <datafield tag="505" ind1="0" ind2=" ">
    <subfield code="a">DEPARTAMENTOS FRENTE AL LAGO - SUIZA </subfield>
  </datafield>
  <datafield tag="505" ind1="0" ind2=" ">
    <subfield code="a">Richter Et Dahl Rocha Bureau D&#xB4;Architectes / Vivienda en Montreux, Suiza, 2005. p. 90</subfield>
  </datafield>
  <datafield tag="505" ind1="0" ind2=" ">
    <subfield code="t">SINGULARES CASAS URBANAS</subfield>
  </datafield>
  <datafield tag="505" ind1="0" ind2=" ">
    <subfield code="a">OSM Arquitectura Juli&#xE1;n Berdichezsky, Joaquin Sanchez Gomez,arqs. / Edificio Urbanverde / Cramer 1366/90, Bs As. p. 96</subfield>
  </datafield>
  <datafield tag="505" ind1="0" ind2=" ">
    <subfield code="a">Carlos Gustavo Gim&#xE9;nez / El valor de la geometr&#xED;a. p. 102</subfield>
  </datafield>
  <datafield tag="505" ind1="0" ind2=" ">
    <subfield code="t">FLEXIBILIDAD DOMESTICA - PALERMO - BUENOS AIRES</subfield>
  </datafield>
  <datafield tag="505" ind1="0" ind2=" ">
    <subfield code="a">NE3 Arquitectos / Edificio de viviendas, 24 unidades de 1 ambiente divisible y 4 d&#xFA;plex, Bs As. p. 106</subfield>
  </datafield>
  <datafield tag="505" ind1="0" ind2=" ">
    <subfield code="t">TRIPLE FRENTE EN DS ETAPAS</subfield>
  </datafield>
  <datafield tag="505" ind1="0" ind2=" ">
    <subfield code="a">Becker &amp; Ferrari arquitectos / Edificio de viviendas, Buenos Airess, 2004. p. 110</subfield>
  </datafield>
  <datafield tag="505" ind1="0" ind2=" ">
    <subfield code="t">PIEL MET&#xC1;LICA, CUERPO DE HORMIGON - VIVIENDAS ENTRE MEDIANERAS </subfield>
  </datafield>
  <datafield tag="505" ind1="0" ind2=" ">
    <subfield code="a">Jorge O. Moscato y Rolando H.Schere arqs. / H&#xE9;ctor Nuviala y Violeta Nuviala arqs. / Edificio de viviendas, 24 unidades de 1 ambiente divisible y 4 triplex, Palermo. p 114</subfield>
  </datafield>
  <datafield tag="505" ind1="0" ind2=" ">
    <subfield code="t">COMPACTO Y FUNCIONAL</subfield>
  </datafield>
  <datafield tag="505" ind1="0" ind2=" ">
    <subfield code="a">OSM Arquitectura Julian Berdichevsky / Joaquin Sanchez Gomez arqs. Aznar y Gutraich rqs. / Edificio Mansilla 4041, Palermo. p.118</subfield>
  </datafield>
  <datafield tag="505" ind1="0" ind2=" ">
    <subfield code="t">VECINDADES CONTEMPOR&#xC1;NEAS - N&#xDA;&#xD1;EZ</subfield>
  </datafield>
  <datafield tag="505" ind1="0" ind2=" ">
    <subfield code="a">Grupo ABV (Ioram Amsel, Mariano Boruchowicz, Javier Vilamowski, arqs) / Vivienda Multifamiliar, Buenos Aires, 2001. p. 120</subfield>
  </datafield>
  <datafield tag="505" ind1="0" ind2=" ">
    <subfield code="a">Grupo ABV (Ioram Amsel, Mariano Boruchowicz, Javier Vilamowski, arqs) / Vivienda multifamiliar, Buenos Aires, 2004. p. 122</subfield>
  </datafield>
  <datafield tag="505" ind1="0" ind2=" ">
    <subfield code="t">DISE&#xD1;AR SOLUCIONES - LA LUCILA</subfield>
  </datafield>
  <datafield tag="505" ind1="0" ind2=" ">
    <subfield code="a">AFRA ( Pablo Ferreiro, Saturnino Armendares), Joaqu&#xED;n Leunda / Vivienda Multifamiliar, Buenos Aires, 2005. p.124</subfield>
  </datafield>
  <datafield tag="505" ind1="0" ind2=" ">
    <subfield code="a">Pablo Ferreiro y Saturnino Armendares / Entre el recurso y la complejidad (viviendas entre medianeras). p. 127</subfield>
  </datafield>
  <datafield tag="505" ind1="0" ind2=" ">
    <subfield code="a">AFRA ( Pablo Ferreiro, Saturnino Armendares), Joaqu&#xED;n Leunda / Vivienda Multifamiliar, Buenos Aires, 2005. p.128</subfield>
  </datafield>
  <datafield tag="505" ind1="0" ind2=" ">
    <subfield code="t">URBANISMO</subfield>
  </datafield>
  <datafield tag="505" ind1="0" ind2=" ">
    <subfield code="a">Patricia Tetzlaff / Shrinking Cities: ciudades que se vac&#xED;an. p.132</subfield>
  </datafield>
  <datafield tag="505" ind1="0" ind2=" ">
    <subfield code="a">Alejandro Aravena / Proyecto y autoconstrucci&#xF3;n. p.136</subfield>
  </datafield>
  <datafield tag="505" ind1="0" ind2=" ">
    <subfield code="a">Alejandro Aravena y otros / Elemental Iquique, Tarapac&#xE1;, Chile, 2004. p.136</subfield>
  </datafield>
  <datafield tag="505" ind1="0" ind2=" ">
    <subfield code="a">Fernando Diez / Nido Seguro: visiones de protecci&#xF3;n e indefensi&#xF3;n. p.142</subfield>
  </datafield>
  <datafield tag="505" ind1="0" ind2=" ">
    <subfield code="a">Nicol&#xE1;s Goretti / Sinti&#xE9;ndonos seguros. p.143</subfield>
  </datafield>
  <datafield tag="505" ind1="0" ind2=" ">
    <subfield code="a">Gonzalo Casals y Florencia Rodr&#xED;guez / El dise&#xF1;o es invisible: sobre cuatro exposiciones. p. 150</subfield>
  </datafield>
  <datafield tag="505" ind1="0" ind2=" ">
    <subfield code="a">Guillermo Roux / El viaje de Teresa. p. 152</subfield>
  </datafield>
  <datafield tag="505" ind1="0" ind2=" ">
    <subfield code="a">Rafael E. J. Iglesia / Necropaisajes. p. 154</subfield>
  </datafield>
  <datafield tag="505" ind1="0" ind2=" ">
    <subfield code="a">Roberto Fern&#xE1;ndez / Singular Housing: del uso al goce. p.156</subfield>
  </datafield>
  <datafield tag="505" ind1="0" ind2=" ">
    <subfield code="a">MVRDV. 100 WoZoCo's, Amsterdam, 1997. p. 156</subfield>
  </datafield>
  <datafield tag="505" ind1="0" ind2=" ">
    <subfield code="a">Mario Sabugo / Las chicas de divito. p. 158</subfield>
  </datafield>
  <datafield tag="505" ind1="0" ind2=" ">
    <subfield code="t">POST-SCRIPTUM</subfield>
  </datafield>
  <datafield tag="505" ind1="0" ind2=" ">
    <subfield code="a">Alfonso Corono Martinez / Notas sobre Safety Nest. p.160</subfield>
  </datafield>
  <datafield tag="600" ind1="1" ind2="0">
    <subfield code="a">Ben&#xED;tez, Solano</subfield>
    <subfield code="9">6841</subfield>
    <subfield code="d">1963-</subfield>
  </datafield>
  <datafield tag="600" ind1="1" ind2=" ">
    <subfield code="a">Aravena, Alejandro</subfield>
    <subfield code="9">1175</subfield>
    <subfield code="d">1967-</subfield>
  </datafield>
  <datafield tag="600" ind1="1" ind2="0">
    <subfield code="a">Montero, Alfonso </subfield>
    <subfield code="9">27300</subfield>
  </datafield>
  <datafield tag="600" ind1="1" ind2="0">
    <subfield code="a">Cortese, Tom&#xE1;s</subfield>
    <subfield code="9">27301</subfield>
  </datafield>
  <datafield tag="600" ind1="1" ind2="0">
    <subfield code="a">Cerda Err&#xE1;zuriz, Emilio de la</subfield>
    <subfield code="9">27303</subfield>
  </datafield>
  <datafield tag="600" ind1="1" ind2="0">
    <subfield code="a">Iacobelli, Andr&#xE9;s</subfield>
    <subfield code="9">27302</subfield>
  </datafield>
  <datafield tag="650" ind1=" " ind2=" ">
    <subfield code="a">Arquitectura contempor&#xE1;nea</subfield>
  </datafield>
  <datafield tag="650" ind1=" " ind2=" ">
    <subfield code="a">Viviendas de interes social</subfield>
    <subfield code="9">1426</subfield>
  </datafield>
  <datafield tag="650" ind1=" " ind2=" ">
    <subfield code="a">Dise&#xF1;o industrial</subfield>
    <subfield code="9">979</subfield>
  </datafield>
  <datafield tag="651" ind1=" " ind2="4">
    <subfield code="a">Austria</subfield>
    <subfield code="9">1988</subfield>
  </datafield>
  <datafield tag="651" ind1=" " ind2="0">
    <subfield code="a">Buenos Aires (Argentina)</subfield>
    <subfield code="9">193</subfield>
  </datafield>
  <datafield tag="773" ind1="0" ind2=" ">
    <subfield code="a">Summa+</subfield>
    <subfield code="d">Buenos Aires, Argentina</subfield>
    <subfield code="g">N&#xBA;79 (abr-2006), p.160</subfield>
    <subfield code="x">0327-9022</subfield>
  </datafield>
  <datafield tag="908" ind1=" " ind2=" ">
    <subfield code="a">Imp</subfield>
  </datafield>
  <datafield tag="942" ind1=" " ind2=" ">
    <subfield code="2">udc</subfield>
    <subfield code="c">ART</subfield>
  </datafield>
  <datafield tag="945" ind1=" " ind2=" ">
    <subfield code="d">2022-07-08</subfield>
  </datafield>
  <datafield tag="980" ind1=" " ind2=" ">
    <subfield code="6">138</subfield>
    <subfield code="a">Carolina Rainero</subfield>
    <subfield code="8">5</subfield>
    <subfield code="g">Mar&#xED;a Machado</subfield>
  </datafield>
  <datafield tag="999" ind1=" " ind2=" ">
    <subfield code="c">12035</subfield>
    <subfield code="d">12035</subfield>
  </datafield>
  <datafield tag="952" ind1=" " ind2=" ">
    <subfield code="0">0</subfield>
    <subfield code="1">0</subfield>
    <subfield code="2">udc</subfield>
    <subfield code="4">0</subfield>
    <subfield code="7">0</subfield>
    <subfield code="a">AR-RoUNA</subfield>
    <subfield code="b">AR-RoUNA</subfield>
    <subfield code="c">Heme</subfield>
    <subfield code="d">2025-06-25</subfield>
    <subfield code="e">Don</subfield>
    <subfield code="l">0</subfield>
    <subfield code="p">1002697</subfield>
    <subfield code="r">2025-06-25</subfield>
    <subfield code="t">ej. 1</subfield>
    <subfield code="w">2025-06-25</subfield>
    <subfield code="y">ART</subfield>
    <subfield code="k">K6</subfield>
    <subfield code="x"></subfield>
  </datafield>
</record>
